000
00295nam a2200121Ia 4500
008
190216s9999||||xx |||||||||||||| ||und||
100
_a
Pressley Andrew
245
0
_a
Elementary Differentialgeometry
260
_b
Springer - Neyook
_c
2004
300
_a
332
650
_a
Mathematics
942
_c
BK
999
_c
31899
_d
31899